000 00796nam a2200181Ia 4500
008 100921s9999 xx 000 0 und d
082 _b6612
_a301.35-1 थ 89
100 _aपागे वि.स. संपा.
245 _aबेकारी निर्मुलनातून ग्रामविकास.
260 _bयशवंतराव चव्हाण प्रतिष्ठान,मुंबई.
_c1989
300 _a174
_b---
365 _b35
520 _aस.शा.-ग्रामीण.
630 _aबेकारी निर्मुलनातून ग्रामविकास.
650 _aस.शा.-ग्रामीण.
730 _aबेकारी निर्मुलनातून ग्रामविकास.
942 _cBOOK
999 _c755725
_d755722